Comparación de la resistencia al cortante en muros de mampostería sin confinar y muros de marcos rellenos de mampostería
保存先:
| 第一著者: | |
|---|---|
| その他の著者: | |
| フォーマット: | 図書 |
| 出版事項: |
[San José, Costa Rica]
2009
|
| 主題: | |
| タグ: |
タグ追加
タグなし, このレコードへの初めてのタグを付けませんか!
|
MARC
| LEADER | 00000nam a2200000Ia 4500 | ||
|---|---|---|---|
| 003 | 001426 | ||
| 005 | 20240307135511.0 | ||
| 008 | 140114s2009 cr a 000 ||s d | ||
| 040 | |c cru CEDI | ||
| 090 | |a TFG 5944 | ||
| 100 | |a Guerrero Pazos, Abraham, 1985- |9 2522 | ||
| 245 | |a Comparación de la resistencia al cortante en muros de mampostería sin confinar y muros de marcos rellenos de mampostería | ||
| 260 | |b [San José, Costa Rica] |c 2009 | ||
| 300 | |a xi, 121 hojas; ilustraciones a color | ||
| 500 | |a Proyecto de graduación (licenciatura en ingeniería civil)--Universidad de Costa Rica. Facultad de Ingeniería. Escuela de Ingeniería Civil | ||
| 501 | |a Director de Proyecto de Graduación: Salazar Burger, Stefan | ||
| 650 | |x MAMPOSTERIA |x ESFUERZO CORTANTE |x MUROS -DISEÑO Y CONSTRUCCION |x |x RESISTENCIA DE MATERIALES |x BLOQUES DE HORMIGON |9 3618 | ||
| 700 | |a Salazar Burger, Estefan Le Maire, 1976- |d Director del TFG |9 2523 | ||
| 942 | |c TFG |h TFG 5944 |i 001426 |6 TFG_5944_001426000000000 | ||
| 999 | |c 16288 |d 16288 | ||
